Every city in Catamarca, Argentina - Statistics

General Stats
  • This quiz has been taken 97 times
  • The average score is 31 of 154
Answer Stats
City: Population: % Correct
San Fernando del Valle de Catamarca 159,139
100%
Belén 12,256
75%
Andalgalá 12,600
67%
Tinogasta 11,485
67%
Santa María 11,648
58%
Ancasti 361
50%
Antofagasta de la Sierra 730
50%
El Alto 754
50%
Esquiú 1,019
50%
Londres 2,456
50%
Pomán 2,856
50%
San Antonio 1,835 | 266
50%
San Martín 426
50%
Antofalla 45
42%
Capayán 636
42%
Chumbicha 4,531
42%
El Peñón 263
42%
El Portezuelo 410
42%
El Rodeo 1,007
42%
Fiambalá 4,693
42%
Icaño 2,104
42%
La Puerta 706
42%
Recreo 11,847
42%
San Isidro 25,674
42%
San José 10,242 | 2,901
42%
Anquincila 202
33%
Concepción 387
33%
Coneta 653
33%
Corral Quemado 1,204
33%
Guayamba 376
33%
Huillapima 2,416
33%
La Merced 1,759
33%
Lavalle 792
33%
La Viña 129
33%
Los Altos 4,490
33%
Los Ángeles 383
33%
Puerta de Corral Quemado 575
33%
Saujil 2,368 | 339
33%
Tapso 191
33%
Tatón 301
33%
Anillaco 232
25%
Bañado de Ovanta 1,096
25%
Casa de Piedra 251
25%
Choya 403
25%
Farallón Negro 1,463
25%
Hualfín 987
25%
Las Cañas 177
25%
Las Juntas 258 | 304
25%
Los Varela 443
25%
Miraflores 1,650
25%
Mutquín 1,075
25%
Palo Labrado 223
25%
Quirós 1,156
25%
Santa Cruz 122
25%
Villa Vil 481
25%
Adolfo E. Carranza 32
17%
Alijilán 1,396
17%
Amadores 172
17%
Balde de la Punta 116
17%
Barranca Larga 330
17%
Chuchucaruana 73
17%
Colonia Nueva Coneta 1,951
17%
Colpes 75 | 774
17%
Copacabana 695
17%
El Bolsón 289
17%
El Durazno 378
17%
Huaycama 152 | 158
17%
La Dorada 218
17%
La Guardia 493
17%
La Majada 154
17%
La Puntilla 236
17%
Las Esquinas 136
17%
Las Lajas 136
17%
Loro Huasi 1,547
17%
Los Castillos 182
17%
Los Nacimientos 43 | 215
17%
Medanitos 999
17%
Monte Potrero 186
17%
Puerta de San José 277
17%
Ramblones 68
17%
San Pablo 139
17%
San Pedro 372
17%
Singuil 295
17%
Villa Las Pirquitas 740
17%
Cerro Negro 24
8%
Chaquiago 1,096
8%
Collagasta 373
8%
Cóndor Huasi 254
8%
El Aybal 68
8%
El Cajón 141
8%
El Lindero 741
8%
El Pajonal (Est. Pomán) 590
8%
El Potrero 184
8%
El Puesto 200 | 432
8%
El Rosario 110
8%
El Salado 574
8%
Fuerte Quemado 459
8%
Infanzón 62
8%
Jacipunco 361
8%
La Bajada 97
8%
La Higuera 236
8%
La Hoyada 120
8%
Las Chacritas 74
8%
Las Palmitas 126
8%
Las Tejas 351
8%
Los Talas 170
8%
Palo Blanco 992
8%
Pomancillo Este 247
8%
Pomancillo Oeste 254
8%
Punta de Balasto 177
8%
Rincón 523
8%
San Miguel 413
8%
San Pedro (San Pedro de Guasayán) 830
8%
Siján 1,169
8%
Vilismán 112
8%
Amanao 29
0%
Andalhualá 241
0%
Antinaco 105
0%
Apoyaco 76
0%
Banda de Lucero 268
0%
Caspichango 39
0%
Chañar Punco 1,736
0%
Colana 478
0%
Colonia del Valle 854
0%
Cordobita 61
0%
Costa de Reyes 30
0%
El Alamito 734
0%
El Bañado 123 | 158
0%
El Desmonte 144
0%
El Divisadero 70
0%
El Pantanillo 44
0%
El Pueblito 58
0%
El Quimilo 63
0%
Famatanca 589
0%
Joyango 53
0%
La Aguada 378
0%
La Candelaria 77
0%
La Loma 388
0%
Las Mojarras 959
0%
Los Balverdis 6
0%
Los Corrales 54
0%
Manantiales 659
0%
Punta del Agua 167
0%
Villa de Balcozna 210
0%
Yapes 129
0%
No matching quizzes found
Score Distribution
Percent of People with Each Score
Percentile by Number Answered
Your Score History
You have not taken this quiz